00434cam a2200157ua 45000010005000000080039000050200022000440400009000660820008000751000031000832450056001142500009001702600040001793000020002196530037002395370120901n xxk |||gr||||Z||||||eng a978-0-145-25402-1 cMAIN a809 aRichards, I. A.,eAuthor.,10aPrinciples of literary Criticismcby I. A. Richards a1st. alondon:bRoutledge classics,c2003. avi:283p:c18cm. aHistory, description & criticism